| 000 | 00717nam a2200181 i 4500 | ||
|---|---|---|---|
| 001 | sa 67006287 | ||
| 003 | DLC | ||
| 005 | 20260227112405.0 | ||
| 008 | 841105s1966 ii 00010 hino | ||
| 010 | _asa 67006287 //r84 | ||
| 050 | 0 |
_aPK2098.K23 _bK3 |
|
| 100 | 1 | 0 |
_aKalpita, Kailāśa, _d1925- |
| 245 | 1 | 0 |
_aKālā sāhaba, gorī mema ; vividha pariveśa kī bāraha kahāniyām̐ / _cKailāśa Kalpita. |
| 260 | 0 |
_aIlāhābāda : _bPrayāga Prakāśana, _c[1966?] |
|
| 300 |
_a125 p. ; _c18 cm. |
||
| 500 | _a"Prastuta saṅgraha ... pūrva pracārita pustaka 'Āṭha nagara kī āṭha kathāem̐' kā privartita rūpa hai jisameṃ kucha aura kahāniyām̐ bhī joṛa dī gayī haiṃ." | ||
| 500 | _aIn Hindi. | ||
| 999 |
_c75830 _d75830 |
||